| 000 | 00577nam a2200181Ia 4500 | ||
|---|---|---|---|
| 001 | 17262 | ||
| 005 | 20260306170412.0 | ||
| 008 | 260306t2019||||xx |||||||||||||| ||und|| | ||
| 041 | _aESP | ||
| 082 |
_a657.61 _bF43A V. 1 |
||
| 100 |
_aFerrer Quea, Alejandro _eAUT |
||
| 245 | 0 |
_aNormas internacionales de información financiera: _btexto concordado de las normas e interpretaciones NIC, NIIF, SIC y CINIIF, incidencia tributaria y criterio financiero |
|
| 260 | _c2019 | ||
| 300 |
_a753 pƔginas : _c25 cm. |
||
| 650 | _aGEN | ||
| 654 | _aCCO | ||
| 942 |
_cLIB _dJUS _fJUS _2ddc _n |
||
| 999 |
_c17262 _d17262 |
||